| 000 | 00860nam a2200313 a 4500 | ||
|---|---|---|---|
| 003 | AR-BaBNM | ||
| 005 | 20251128210215.0 | ||
| 008 | 082120s2002 ||||||||||||||000 | spa|| | ||
| 020 | _a950-03-0442-2 | ||
| 040 | _cAR-BaBNM | ||
| 100 | 1 | _aGirondo, Oliverio | |
| 245 | 0 | 0 |
_aVeinte poemas para ser leídos en el tranvía ; _bCalcomanías |
| 250 | _a5ª ed. | ||
| 260 |
_aBuenos Aires _bLosada _c1997 |
||
| 300 | _a102 p. | ||
| 490 | 0 |
_aBiblioteca Clásica y Contemporánea _vv. 530 |
|
| 500 | _aIncluye prólogo e índice de los poemas | ||
| 650 | 4 | _aLITERATURA ARGENTINA | |
| 650 | 4 | _aCULTURA | |
| 650 | 4 | _aHUMANIDADES | |
| 650 | 4 | _aPOESIA | |
| 650 | 4 | _aSOCIOLOGIA URBANA | |
| 650 | 4 | _aSIGLO VEINTE | |
| 653 | _aVANGUARDIAS LITERARIAS | ||
| 655 | _aLITERATURA | ||
| 700 | 1 |
_aMolina, Enrique _eprologuista |
|
| 942 | _cBK | ||
| 998 | _claura | ||
| 999 |
_c14506 _d14506 |
||